¡Claro que sí se puede! : (Registro nro. 14475)

Detalles MARC
000 -LIDER
fixed length control field 00920nam a22002777a 4500
001 - NÚMERO DE CONTROL
Identificador de número de control
003 - IDENTIFICACDOR DE NÚMERO DE CONTROL
control field DO-SdBNP
005 - DATE AND TIME OF LATEST TRANSACTION
control field 20240118081346.0
007 - CAMPOS FIJOS DE DESCRIPCIÓN FÍSICA
fixed length control field 001143
008 - ELEMENTOS DE LONGITUD FIJA
fixed length control field 160815b2000 mx 00| 0 spa d
020 ## - ISBN
International Standard Book Number 9706610839
040 ## - FUENTE DE CATALOGACIÓN
Agencia que crea de manera original el registro BPMSU
Idioma de catalogación spa
Agencia que realiza la transcripción BPMSU
082 #4 - NÚMERO DE CLASIFICACIÓN DECIMAL DE DEWEY
Classification number 796.01
Item number V432c 2000
Edition number 22
100 1# - ASIENTO PRINCIPAL -- NOMBRE PERSONAL
Nombre personal Velarte, Eduardo
Fechas asociadas con el nombre
245 10 - MENCIÓN DE TITULO
Título ¡Claro que sí se puede! :
Subtítulo cómo hacer campeones a nuestros deportistas /
Mención de responsabilidad Eduardo Velarde
246 13 - VARIACION DEL TÍTULO
Título propiamente dicho o título corto ¡Claro que sí se puede! :
Subtítulo manual para hacer campeones a nuestros deportistas
260 ## - PUBLICACIÓN, DISTRIBUCIÓN, ETC. (PIE DE IMPRENTA)
Lugar de publicación, distribución, etc México :
Nombre del editor, distribuidor, etc. Centro Cultural EDAMEX,
Fecha de publicación, distribución, etc 2000
300 ## - DESCRIPCIÓN FÍSICA
Extensión 122 p. ;
Dimensiones 23 cm.
Otros detalles físicos
504 ## - NOTA DE BIBLIOGRAFÍA, ETC.
Bibliography, etc Bibliografías : p. 313-317
590 ## - NOTA LOCAL
Texto de la nota local Inventariado, 2023/VM
Enlace
650 #4 - ENCABEZAMIENTO DE MATERIA--TEMÁTICO
Término temático o nombre geográfico como elemento de entrada Psicología del deporte
Subdivisión temática general
Lugar del evento
650 #4 - ENCABEZAMIENTO DE MATERIA--TEMÁTICO
Término temático o nombre geográfico como elemento de entrada Deportes
Subdivisión temática general Aspectos psicológicos
650 #4 - ENCABEZAMIENTO DE MATERIA--TEMÁTICO
Término temático o nombre geográfico como elemento de entrada Entrenamiento deportivo
Subdivisión de forma Guías
910 ## - VALIDACIÓN
Validación VMateo V. Control de calidad BPMSU
942 ## - ADDED ENTRY ELEMENTS (KOHA)
Source of classification or shelving scheme Dewey Decimal Classification
Koha item type Libros
Existencias
Withdrawn status Lost status Source of classification or shelving scheme Damaged status Not for loan Collection code Home library Current library Date acquired Total Checkouts Full call number Barcode Date last seen Uniform Resource Identifier Price effective from Koha item type Copy number
    Dewey Decimal Classification     Colección General Biblioteca Pública Metropolitana Salomé Ureña Biblioteca Pública Metropolitana Salomé Ureña 10/10/2023   BPMSU CG 796.01 V432c 2000 BPMSU23100019 10/10/2023   Libros  
    Dewey Decimal Classification     Colección General Biblioteca Pública Metropolitana Salomé Ureña Biblioteca Pública Metropolitana Salomé Ureña 10/10/2023   BPMSU CG 796.01 V432c 2000 BPMSU24010017 01/17/2024   Libros e.2
    Dewey Decimal Classification     Colección General Biblioteca Pública Metropolitana Salomé Ureña Biblioteca Pública Metropolitana Salomé Ureña 10/10/2023   BPMSU CG 796.01 V432c 2000 BPMSU24010026 01/18/2024   Libros e.3